LDR 00866naa#a2200181#i#450# 001 RU\INFRA-M\bibl\101100 005 20260428223322.2 011 ## _a2500-3305 100 ## _a20250627b2025####ek#y0rusy0150####ca 102 ## _aRU 200 1# _aМолодежная работа в высшей школе: социально-педагогический аспект _eЖурнальная статья 210 1# _aМосква _cОбщество с ограниченной ответственностью «Научно-издательский центр ИНФРА-М» _d2025 215 ## _a5 с. 608 ## _aЖурнальная статья _2local 675 ## _aНародное образование. Воспитание. Обучение. Организация досуга. 37 _z 700 #1 _aРожков _gМ. И. 700 #1 _aТесленко _gА. Н. 856 4# _azh-szf.ru _u